Countries by Lowest Net Migration Rate in 2022 - Statistics

General Stats
  • This quiz has been taken 9 times
  • The average score is 8 of 16
Answer Stats
Hint Answer % Correct
-311,380 China
100%
-487,303 India
83%
-165,988 Pakistan
67%
-66,850 Afghanistan
50%
-309,977 Bangladesh
50%
-66,850 Chile
50%
-69,996 Philippines
50%
-301,586 Turkey
50%
-6,673,581 Ukraine
50%
-82,700 Vietnam
50%
-167,924 Colombia
33%
-141,192 Jordan
33%
-160,237 Lebanon
33%
-62,012 Nepal
33%
-77,495 Sri Lanka
33%
-118,846 Uganda
33%
No matching quizzes found
Score Distribution
Percent of People with Each Score
Percentile by Number Answered
Your Score History
You have not taken this quiz